Smallest World Capitals - Rank Order - Statistics

General Stats
  • This quiz has been taken 270 times
  • The average score is 11 of 30
Answer Stats
Population Country City % Correct
826 Vatican City Vatican City
94%
391 Palau Ngerulmud
63%
1,100 Nauru Yaren
59%
4,493 San Marino San Marino
58%
5,248 Liechtenstein Vaduz
55%
35,986 Monaco Monaco
51%
22,884 Andorra Andorra la Vella
47%
4,492 Tuvalu Funafuti
47%
6,675 Malta Valletta
41%
25,400 Marshall Islands Majuro
35%
22,400 Tonga Nukuʻalofa
35%
38,000 Vanuatu Port Vila
35%
70,000 Saint Lucia Castries
34%
9,900 FS of Micronesia Palikir
34%
14,847 Dominica Roseau
34%
30,000 Kiribati South Tarawa
34%
7,500 Grenada St. George's
34%
39,813 Samoa Apia
33%
13,043 St. Kitts & Nevis Basseterre
33%
22,679 Antigua & Barbuda St. John's
32%
29,298 Seychelles Victoria
32%
59,288 Solomon Islands Honiara
29%
40,020 St. Vincent & Grenadines Kingstown
28%
56,156 São Tomé & Principe São Tomé
28%
16,451 Belize Belmopan
25%
59,069 East Timor Dili
23%
60,200 Comoros Moroni
21%
50,479 Trinidad & Tobago Port of Spain
21%
28,135 Brunei Bandar Seri Begawan
14%
34,828 Gambia Banjul
12%
No matching quizzes found
Score Distribution
Percent of People with Each Score
Percentile by Number Answered
Your Score History
You have not taken this quiz